000 00973nam a2200229 a 4500
001 47864
003 BD-RjUL
005 20211209054417.0
008 160810s1999 ii ||||| |||| 00| 0 ben d
020 _a8176126276
_c: Tk. 280.00
035 _a(BD-RjUL)47983
040 _aBD-RjUL
_bben
_cBD-RjUL
041 _aben
082 _a781.709
_bNAC 1999
100 _aনস্কর, দেবব্রত
_9145283
245 1 0 _aচব্বিশ পরগণার দেবদেবী :
_bপালাগান ও লোকসংস্কৃতি জিজ্ঞাসা /
_cদেবব্রত নস্কর
260 _aকলকাতা :
_bদে'জ পাবলিশিং,
_c১৯৯৯
300 _a[১৬], ৫৬৬ পৃ. :
_bচিত্র ;
_c২৩ সেমি.
650 _aধর্মীয় গান
_xইতিহাস ও সমালোচনা
_9145284
650 _aSacred Music
_xHistory and Criticism
_9145285
942 _2ddc
_cBK
999 _c47864
_d47864